ბათუმის შოთა რუსთაველის სახელმწიფო უნივერსიტეტის ბიბლიოთეკა

Berek & Novak's gynecology / (ბიბ.ჩანაწერი № 57390)

000 -LEADER
fixed length control field 00662cam a2200205 i 4500
001 - CONTROL NUMBER
control field 20731770
005 - DATE AND TIME OF LATEST TRANSACTION
control field 20221105194439.0
008 - FIXED-LENGTH DATA ELEMENTS--GENERAL INFORMATION
fixed length control field 181102s2020 pau b 001 0 eng
020 ## - INTERNATIONAL STANDARD BOOK NUMBER
International Standard Book Number 9781496380333 1
Qualifying information
041 ## - LANGUAGE CODE
Language code of text/sound track or separate title eng
080 ## - UNIVERSAL DECIMAL CLASSIFICATION NUMBER
Universal Decimal Classification number 616-006:618 B-45
245 00 - TITLE STATEMENT
Title Berek & Novak's gynecology /
Statement of responsibility, etc. [edited by] Jonathan S. Berek.
250 ## - EDITION STATEMENT
Edition statement 16th edition.
264 #1 - PRODUCTION, PUBLICATION, DISTRIBUTION, MANUFACTURE, AND COPYRIGHT NOTICE
Place of production, publication, distribution, manufacture Philadelphia :
Name of producer, publisher, distributor, manufacturer Wolters Kluwer,
Date of production, publication, distribution, manufacture, or copyright notice 2020.
300 ## - PHYSICAL DESCRIPTION
Extent 1,232 pages :
Other physical details illustrations (some color) ;
Dimensions 28 cm.
653 ## - INDEX TERM--UNCONTROLLED
keyword მედიცინა
653 ## - INDEX TERM--UNCONTROLLED
keyword გინეკოლოგია
700 1# - ADDED ENTRY--PERSONAL NAME
Personal name Berek, Jonathan S.,
Relator term რედაქტორი
9 (RLIN) 8412
942 ## - ADDED ENTRY ELEMENTS (KOHA)
Source of classification or shelving scheme
Koha item type წიგნი
ეგზემპლარები
Withdrawn status Lost status Source of classification or shelving scheme Damaged status Not for loan Permanent Location Current Location Shelving location Date acquired Cost, normal purchase price Full call number Barcode Date last seen Copy number Price effective from Koha item type Public note
          ბათუმის შოთა რუსთაველის სახელმწიფო უნივერსიტეტის მთავარი ბიბლიოთეკა ბათუმის შოთა რუსთაველის სახელმწიფო უნივერსიტეტის მთავარი ბიბლიოთეკა წიგნსაცავი 2020-06-15 531.00 616-006:618 B-45 60586 2020-06-15 60586 2020-06-15 წიგნი 531 ლ.